| 000 | 00000nam##2200000za#4500 |
| 001 | 9.696198 |
| 003 | CaOODSP |
| 005 | 20210624234926 |
| 007 | cr ||||||||||| |
| 008 | 150407|2001||||xxc|||||o f|0| 0 eng|d |
| 040 | |aCaOODSP|beng |
| 043 | |an-cn--- |
| 086 | 1 |aE84-6/2001E-PDF |
| 110 | 1 |aCanada.|bRights & Democracy (International Centre for Human Rights and Democratic Development) |
| 245 | 10|aMission to Colombia to investigate the situation of indigenous peoples, May 27-June 3, 2001 : |h[electronic resource]|breport / |corganized by Rights & Democracy with the cooperation of the Assembly of First Nations (Canada) ; [author, Eleanor Douglas]. |
| 260 | |aMontreal - Quebec : |bRights & Democracy (International Centre for Human Rights and Democratic Development) |cc2001. |
| 300 | |a57p.|breferences, photographs |
| 500 | |aThe ISBN (2-922084-46-9) for the print edition has been incorrectly copied in this electronic publication. |
| 590 | |a12-23-Supp|b2012-05-28 |
| 690 | 07|aSocial surveys|2gcpds |
| 690 | 07|aIndigenous peoples|2gcpds |
| 690 | 07|aIndigenous rights|2gcpds |
| 710 | 2 |aAssembly of First Nations. |
| 720 | 1 |aDouglas, Eleanor |
| 775 | 08|tMission d'enquête sur le sort des peuples autochtones en Colombie, 27 mai-3 juin 2001 : |w(CaOODSP)9.640318 |
| 776 | 0#|tMission to Colombia to investigate the situation of indigenous peoples, May 27 - June 3, 2001 : |w(CaOODSP)9.648513 |
| 856 | 40|ahttp://publications.gc.ca|qPDF|s2.64 MB|uhttps://publications.gc.ca/collections/Collection/E84-6-2001E.pdf |